| 000 | 00000nam##2200000za#4500 |
| 001 | 9.700192 |
| 003 | CaOODSP |
| 005 | 20260106135355 |
| 007 | cr ||||||||||| |
| 008 | 150407|2015||||xxc|||||o f|0| 0 eng|d |
| 020 | |a978-1-100-25484-5 |
| 040 | |aCaOODSP|beng |
| 043 | |an-cn--- |
| 086 | 1 |aM154-83/2015E-PDF |
| 110 | 2 |aCANMET Energy Technology Centre (Canada) |
| 245 | 10|aRecovery boiler : |h[electronic resource]|boperation optimization |
| 260 | |aOttawa - Ontario : |bNatural Resources Canada. |c[2015]. |
| 300 | |a2p.|bfigs. |
| 590 | |a15-13|b2015-03-27 |
| 775 | 08|tChaudière de récupération : |w(CaOODSP)9.644100 |
| 856 | 40|ahttp://publications.gc.ca|qPDF|s568 KB|uhttps://publications.gc.ca/collections/collection_2015/rncan-nrcan/M154-83-2015-eng.pdf |